Estatísticas para Candidatos nas campanhas presidenciais do Brasil

Clique aqui para jogar o quiz

Estatísticas Gerais

  • Esse quiz foi jogado 107 vezes
    (54 desde o último reset)
  • A pontuação média é 31 de 45

Estatísticas das Respostas

HintResposta% Correto
46,44%Lula
100%
31,71%Lula
100%
17,18%Lula
100%
27,07%Lula
100%
48,61%Lula
100%
48,83%Lula
100%
3,04%Ciro Gomes
98%
12,47%Ciro Gomes
98%
11,97%Ciro Gomes
98%
10,97%Ciro Gomes
98%
46,91%Dilma Rousseff
96%
41,59%Dilma Rousseff
96%
46,03%Jair Bolsonaro
96%
43,20%Jair Bolsonaro
96%
53,06%Fernando Henrique Cardoso
94%
54,24%Fernando Henrique Cardoso
94%
30,47%Fernando Collor
92%
21,32%Marina Silva
92%
19,33%Marina Silva
92%
29,28%Fernando Haddad
90%
33,55%Aécio Neves
88%
23,19%José Serra
81%
32,61%José Serra
81%
4,16%Simone Tebet
79%
4,76%Geraldo Alckmin
77%
41,64%Geraldo Alckmin
77%
7,38%Enéas Carneiro
60%
2,14%Enéas Carneiro
60%
16,51%Leonel Brizola
58%
3,19%Leonel Brizola
58%
17,86%Anthony Garotinho
48%
0,51%Soraya Thronicke
46%
8,85%Paulo Maluf
42%
2,50%João Amoêdo
40%
11,51%Mário Covas
38%
0,09%José Maria Eymael
35%
6,85%Heloísa Helena
31%
1,55%Luciana Genro
31%
0,87%Plínio de Arruda Sampaio
27%
2,64%Cristovam Buarque
23%
4,38%Orestes Quércia
21%
0,75%Pastor Everaldo
15%
0,37%Ivan Frota
13%
0,47%José Maria de Almeida
13%
0,13%Ana Maria Rangel
10%

Distribuição das Pontuações

Percentil de Números Respondidos

Porcentagem de Pessoas com Cada Pontuação

Sua Pontuação Histórica

Você não jogou esse quiz desde o último reset